Mosques Of Cochin (Record no. 15331)

MARC details
000 -LEADER
fixed length control field 00397nam a2200157Ia 4500
008 - FIXED-LENGTH DATA ELEMENTS--GENERAL INFORMATION
fixed length control field 220803s9999 xx 000 0 und d
020 ## - INTERNATIONAL STANDARD BOOK NUMBER
International Standard Book Number 978-81-89995-24-9
041 ## - LANGUAGE CODE
Language code of text/sound track or separate title eng
082 ## - DEWEY DECIMAL CLASSIFICATION NUMBER
Classification number 720.92 FEL
100 ## - MAIN ENTRY--PERSONAL NAME
Personal name Fels P T
9 (RLIN) 24217
245 ## - TITLE STATEMENT
Title Mosques Of Cochin
260 ## - PUBLICATION, DISTRIBUTION, ETC. (IMPRINT)
Place of publication, distribution, etc. Ahmedabad
Name of publisher, distributor, etc. Mapin Publishing
Date of publication, distribution, etc. 2011
300 ## - PHYSICAL DESCRIPTION
Extent 80p
500 ## - GENERAL NOTE
Keywords Architecture
650 ## - SUBJECT ADDED ENTRY--TOPICAL TERM
Topical term or geographic name as entry element Mughal Architecture
9 (RLIN) 24218
Holdings
Withdrawn status Lost status Damaged status Not for loan Collection code Home library Current library Shelving location Date acquired Vendor Cost, normal purchase price Total Checkouts Full call number Barcode Date last seen Date last checked out Cost, replacement price Bill Date Koha item type Original Barcode
        Book of B Arch Dr. Bhanuben Nanavati College of Architecture Dr. Bhanuben Nanavati College of Architecture   17/12/2013 Word Book Shop 1040.00 1 720.92 FEL BNCA-BK-8654 25/05/2023 18/05/2023 20.00 20/11/2013 Books B008654